Pojem, obraz a medialita
Pohľad na pojem média a obraz. Filozofia médií.
Saved in:
| Main Author: | |
|---|---|
| Format: | Book Chapter |
| Language: | Czech |
| Subjects: | |
| Tags: |
No Tags, Be the first to tag this record!
|
MARC
| LEADER | 00000naa$a2200000$$$4500 | ||
|---|---|---|---|
| 001 | 0094959 | ||
| 005 | 20231121101622.1 | ||
| 041 | 0 | |a cze | |
| 044 | |a SK | ||
| 245 | 1 | 0 | |a Pojem, obraz a medialita |c Jiří Bystřický |
| 520 | |a Pohľad na pojem média a obraz. Filozofia médií. | ||
| 610 | 2 | 0 | |a médiá |
| 610 | 2 | 0 | |a komunikácia masmediálna |
| 610 | 2 | 0 | |a informácie |
| 610 | 2 | 0 | |a technológie informačné |
| 610 | 2 | 0 | |a technológie komunikačné |
| 610 | 2 | 0 | |a filozofia |
| 100 | 1 | |a Bystřický, Jiří | |